| 000 | 00351nam a2200157Ia 4500 | ||
|---|---|---|---|
| 008 | 230711s9999||||xx |||||||||||||| ||und|| | ||
| 020 | _a81-291-0856-9 | ||
| 041 | _aENG | ||
| 082 |
_a800 _bSH-S |
||
| 100 | _aShourie,Arun | ||
| 245 | 2 | _aA secular agenda | |
| 260 |
_c1993 _aNew Delhi _bRupa.Co |
||
| 300 | _a376 | ||
| 650 | _aLiterature | ||
| 942 | _cBK | ||
| 999 |
_c5243 _d5243 |
||